[Event "Marianske Lazne op 12th"]
[Site "Marianske Lazne"]
[Date "2013.01.24"]
[Round "7"]
[White "Ivanovic, Miroslav"]
[Black "Pekarovic, Jaroslav"]
[Result "1-0"]
[WhiteElo "2088"]
[BlackElo "1832"]
[PlyCount "67"]
[EventDate "2013.01.19"]
[EventType "swiss"]
[EventRounds "9"]
[EventCountry "CZE"]
[SourceTitle "CBM 152 Extra"]
[Source "ChessBase"]
[SourceDate "2013.02.25"]
[SourceVersion "1"]
[SourceVersionDate "2013.02.25"]
[SourceQuality "1"]

1. c4 e6 2. g3 d5 3. d4 Nf6 4. Nf3 c6 5. Bg2 dxc4 6. 0-0 Nbd7 7. Qc2 Be7 8. Qxc4 Nb6 9. Qc2 0-0 10. Nc3 Nfd5 11. e4 Nxc3 12. bxc3 Nc4 13. a4 b6 14. Rd1 Bb7 15. Bf1 Na5 16. c4 Qc7 17. Bf4 Bd6 18. e5 Be7 19. Bd3 g6 20. Be4 Ba6 21. Bd3 Rfd8 22. h4 Bf8 23. h5 Kg7 24. Kg2 Be7 25. Rh1 Rh8 26. h6+ Kf8 27. Ng5 Bxg5 28. Bxg5 c5 29. Bf6 Rg8 30. d5 Qd7 31. Rad1 Rc8 32. f3 Ke8 33. Be2 Rc7 34. dxe6 1-0

[Event "Tabor op"]
[Site "Tabor"]
[Date "2010.08.06"]
[Round "7"]
[White "Pekarovic, Jaroslav"]
[Black "Svanda, Radek"]
[Result "1/2-1/2"]
[WhiteElo "1969"]
[BlackElo "1814"]
[PlyCount "64"]
[EventDate "2010.08.01"]
[EventType "swiss"]
[EventRounds "9"]
[EventCountry "CZE"]
[SourceTitle "EXT 2012"]
[Source "ChessBase"]
[SourceDate "2011.11.24"]
[SourceVersion "1"]
[SourceVersionDate "2011.11.24"]
[SourceQuality "1"]

1. e4 c5 2. Nf3 d6 3. d4 cxd4 4. Nxd4 Nf6 5. Nc3 g6 6. Be2 Bg7 7. Be3 0-0 8. 0-0 Nc6 9. Bf3 Ne5 10. Nd5 Bd7 11. c3 a6 12. Nxf6+ Bxf6 13. Be2 Rc8 14. Qb3 Qc7 15. f4 Nc6 16. f5 Nxd4 17. Bxd4 Bxd4+ 18. cxd4 Kg7 19. Rae1 b5 20. Qf3 f6 21. Bd3 Qb6 22. Qe3 e5 23. fxe6 Bxe6 24. a3 Bc4 25. Rc1 Bxd3 26. Qxd3 Qb7 27. h3 Rxc1 28. Rxc1 Rc8 29. Rc2 Re8 30. d5 Rc8 31. b4 Rxc2 32. Qxc2 Kf7 1/2-1/2

[Event "Tabor op"]
[Site "Tabor"]
[Date "2010.08.02"]
[Round "2"]
[White "Trepka, Jan"]
[Black "Pekarovic, Jaroslav"]
[Result "1-0"]
[WhiteElo "2109"]
[BlackElo "1969"]
[PlyCount "81"]
[EventDate "2010.08.01"]
[EventType "swiss"]
[EventRounds "9"]
[EventCountry "CZE"]
[SourceTitle "EXT 2012"]
[Source "ChessBase"]
[SourceDate "2011.11.24"]
[SourceVersion "1"]
[SourceVersionDate "2011.11.24"]
[SourceQuality "1"]

1. d4 e6 2. c4 d5 3. Nf3 Nf6 4. Bf4 Bd6 5. Bxd6 cxd6 6. cxd5 Nxd5 7. e4 Nb6 8. Nc3 d5 9. e5 a6 10. Bd3 Nc6 11. Rc1 Bd7 12. 0-0 Rc8 13. a3 h6 14. b4 Ne7 15. Qb3 0-0 16. a4 Nc4 17. b5 Qb6 18. Bxc4 Rxc4 19. Qa3 Nf5 20. a5 Qc7 21. b6 Qb8 22. Rfd1 Qe8 23. Rd3 Bc6 24. g4 Ne7 25. Nd2 Bb5 26. Nxc4 Bxc4 27. Rd2 Nc6 28. Ne4 Qd8 29. f4 dxe4 30. Rxc4 g5 31. Rxc6 bxc6 32. f5 Qd5 33. Kf2 f6 34. Qa2 fxe5 35. Qxd5 cxd5 36. dxe5 exf5 37. gxf5 Rxf5+ 38. Ke3 Rxe5 39. Rc2 d4+ 40. Kxd4 Rxa5 41. b7 1-0

[Event "Tabor op"]
[Site "Tabor"]
[Date "2005.08.??"]
[Round "?"]
[White "Bastyr, Pavel"]
[Black "Pekarovic, Jaroslav"]
[Result "0-1"]
[WhiteElo "1539"]
[BlackElo "1864"]
[PlyCount "100"]
[EventDate "2005.07.30"]
[EventType "swiss"]
[EventRounds "9"]
[EventCountry "CZE"]
[SourceTitle "EXT 2006"]
[Source "ChessBase"]
[SourceDate "2005.11.24"]
[SourceVersion "1"]
[SourceVersionDate "2005.11.24"]
[SourceQuality "1"]

1. d4 g6 2. e4 d6 3. Nf3 Bg7 4. Bc4 Nf6 5. e5 dxe5 6. Nxe5 0-0 7. 0-0 Nd5 8. Re1 e6 9. Nd2 Nb6 10. c3 Nxc4 11. Ndxc4 b5 12. Na5 c5 13. Qf3 Qxa5 14. Qxa8 Qc7 15. Qe4 Bb7 16. Qe2 cxd4 17. cxd4 Nc6 18. Qxb5 Nxd4 19. Qd7 Bxe5 20. Qxc7 Bxc7 21. Be3 Bb6 22. Rac1 Ba6 23. Kh1 e5 24. f3 Kg7 25. Bd2 f6 26. b4 Rd8 27. Be3 Rd7 28. a4 Ne2 29. Rxe2 Bxe2 30. Bxb6 axb6 31. a5 bxa5 32. bxa5 Rd1+ 33. Rxd1 Bxd1 34. a6 Bb3 35. a7 Bd5 36. Kg1 f5 37. Kf2 Kf6 38. g3 f4 39. h4 h5 40. gxf4 exf4 41. Ke2 Ke5 42. Kf2 Kd4 43. Ke2 Ba8 44. Kf2 Kd3 45. Ke1 Ke3 46. Kf1 Kxf3 47. Kg1 Kg3 48. Kf1 Kxh4 49. Kg1 Kg3 50. Kf1 h4 0-1

[Event "Tabor op"]
[Site "Tabor"]
[Date "2005.08.??"]
[Round "6"]
[White "Peniska, Pavel"]
[Black "Pekarovic, Jaroslav"]
[Result "1-0"]
[WhiteElo "2044"]
[BlackElo "1864"]
[PlyCount "45"]
[EventDate "2005.07.30"]
[EventType "swiss"]
[EventRounds "9"]
[EventCountry "CZE"]
[SourceTitle "EXT 2006"]
[Source "ChessBase"]
[SourceDate "2005.11.24"]
[SourceVersion "1"]
[SourceVersionDate "2005.11.24"]
[SourceQuality "1"]

1. e4 d6 2. d4 Nf6 3. f3 g6 4. c4 Bg7 5. Nc3 0-0 6. Be3 b6 7. Qd2 c5 8. d5 Ne8 9. g4 f5 10. gxf5 gxf5 11. 0-0-0 fxe4 12. Nxe4 b5 13. Ne2 Rxf3 14. Nf4 Bf5 15. Ng5 Bg4 16. Nxf3 Bxf3 17. Ne6 Qc8 18. Rg1 Bxd1 19. Qxd1 Kh8 20. Qg4 Na6 21. Kb1 Nac7 22. Bh6 Nxe6 23. dxe6 1-0

[Event "Strmilov op"]
[Site "Strmilov"]
[Date "2005.06.03"]
[Round "5"]
[White "Pekarovic, Jaroslav"]
[Black "Krska, Vojtech"]
[Result "1/2-1/2"]
[WhiteElo "1864"]
[BlackElo "1658"]
[PlyCount "71"]
[EventDate "2005.06.01"]
[EventType "swiss"]
[EventRounds "6"]
[EventCountry "CZE"]
[SourceTitle "EXT 2006"]
[Source "ChessBase"]
[SourceDate "2005.11.24"]
[SourceVersion "1"]
[SourceVersionDate "2005.11.24"]
[SourceQuality "1"]

1. e4 c5 2. Nf3 Nc6 3. d4 cxd4 4. Nxd4 g6 5. Nxc6 bxc6 6. Qd4 Nf6 7. e5 Nd5 8. e6 f6 9. exd7+ Qxd7 10. Bc4 Nb6 11. Qxd7+ Bxd7 12. Bb3 e5 13. Be3 Nd5 14. Bd2 Bb4 15. c3 Bc5 16. Bc2 0-0 17. b4 Be7 18. a3 Kg7 19. c4 Nb6 20. c5 Nd5 21. Nc3 Be6 22. 0-0 a5 23. Nxd5 Bxd5 24. f4 e4 25. f5 Rfe8 26. Rae1 axb4 27. Bxb4 Bf8 28. Rf4 e3 29. Rg4 g5 30. Rg3 e2 31. Kf2 Bc4 32. Bd3 Bxd3 33. Rxd3 Re5 34. Rd7+ Kg8 35. g4 Rae8 36. Rd2 1/2-1/2

[Event "Strmilov op"]
[Site "Strmilov"]
[Date "2005.06.02"]
[Round "4"]
[White "Sourek, Vladimir"]
[Black "Pekarovic, Jaroslav"]
[Result "1/2-1/2"]
[WhiteElo "1547"]
[BlackElo "1864"]
[PlyCount "65"]
[EventDate "2005.06.01"]
[EventType "swiss"]
[EventRounds "6"]
[EventCountry "CZE"]
[SourceTitle "EXT 2006"]
[Source "ChessBase"]
[SourceDate "2005.11.24"]
[SourceVersion "1"]
[SourceVersionDate "2005.11.24"]
[SourceQuality "1"]

1. d4 g6 2. c4 Bg7 3. Nf3 d6 4. Nc3 Nf6 5. e4 0-0 6. Be2 Nbd7 7. h3 c5 8. Be3 Qb6 9. b3 Qb4 10. Bd2 Qb6 11. d5 Ne8 12. Rc1 Ne5 13. 0-0 Nxf3+ 14. Bxf3 f5 15. Re1 e5 16. dxe6 Bxe6 17. exf5 Bxf5 18. Re7 Rb8 19. Nd5 Qd8 20. Bc3 Rf7 21. Rxf7 Kxf7 22. Bxg7 Nxg7 23. Qd2 Ne6 24. Re1 Qh4 25. Ne3 Nd4 26. Nxf5 Nxf3+ 27. gxf3 gxf5 28. Qd5+ Kg7 29. Qxf5 Rg8 30. Re4 Kh8+ 31. Rg4 Qe7 32. Rxg8+ Kxg8 33. Qc8+ 1/2-1/2

[Event "Strmilov op"]
[Site "Strmilov"]
[Date "2004.05.11"]
[Round "9"]
[White "Beter, Arnost"]
[Black "Pekarovic, Jaroslav"]
[Result "1/2-1/2"]
[WhiteElo "1940"]
[BlackElo "1885"]
[PlyCount "96"]
[EventDate "2004.05.05"]
[EventType "swiss"]
[EventRounds "9"]
[EventCountry "CZE"]
[SourceTitle "EXT 2006"]
[Source "ChessBase"]
[SourceDate "2005.11.24"]
[SourceVersion "1"]
[SourceVersionDate "2005.11.24"]
[SourceQuality "1"]

1. e4 d6 2. d4 g6 3. Nc3 Bg7 4. f4 Nd7 5. Nf3 c5 6. e5 cxd4 7. Qxd4 dxe5 8. fxe5 Nxe5 9. Qxd8+ Kxd8 10. Bf4 Nxf3+ 11. gxf3 Bxc3+ 12. bxc3 Be6 13. Bb5 a6 14. Be2 Nf6 15. Be5 Kc8 16. 0-0-0 Rd8 17. Bd4 Nd5 18. Bc4 Kc7 19. Bb3 Kc6 20. Rhe1 b5 21. Re5 Rd6 22. c4 bxc4 23. Bxc4 f6 24. Bxd5+ Bxd5 25. Rxe7 Bxf3 26. Rf1 Rxd4 27. Rxf3 Rh4 28. Rxf6+ Kb5 29. Rff7 Rxh2 30. Rxh7 Rg2 31. Rb7+ Ka5 32. Rh3 Rg1+ 33. Kb2 Rg4 34. Ra3+ Ra4 35. Rxa4+ Kxa4 36. Rb6 Rg8 37. Rxa6+ Kb5 38. Ra3 g5 39. Rg3 g4 40. Kb3 Kc5 41. Kc3 Rg5 42. Kd3 Rd5+ 43. Ke3 Rd4 44. Rg1 Ra4 45. c3 Rc4 46. Kd3 Rf4 47. Rg3 Ra4 48. Rg2 Rf4 1/2-1/2